| 000 | 00974cam a22002651i 4500 | ||
|---|---|---|---|
| 003 | SA-RiAUC | ||
| 005 | 20241230082018.0 | ||
| 008 | 241227s1998 su g 00000 ara c | ||
| 020 | _a9960345955 | ||
| 040 |
_aSA-RiAUC _bara _cSA-RiAUC _erda |
||
| 082 | 0 | 4 |
_a210.8 _qSA-RiAUC |
| 090 |
_a210.8 _bس ن د |
||
| 100 | 1 |
_aسندي، عبد العزيز محمد _eمؤلف. |
|
| 245 | 1 | 0 |
_aهذا هو الإسلام / _cعبد العزيز محمد سندي. |
| 250 | _aالطبعة الأولى. | ||
| 264 | 1 |
_a[مكان النشر غير محدد] : _b[الناشر غير محدد]، _c1998 |
|
| 264 | 3 |
_aمكة المكرمة : _bمطبعة الصفا |
|
| 300 |
_a40 صفحة ؛ _c24 سم |
||
| 336 |
_aنص _btxt _2rdacontent _3كتاب |
||
| 337 |
_aبدون وسيط _bn _2rdamedia |
||
| 338 |
_aمجلد _bnc _2rdacarrier |
||
| 650 | 7 |
_aالإسلام _vمقالات ومحاضرات _2aucsh |
|
| 942 |
_2ddc _cBOOK _n0 |
||
| 949 |
_aSA-JeALM _d241227 _umohamedma123 _n1 |
||
| 999 |
_c4105 _d4105 |
||